| 000 | 00685nam a2200229Ia 4500 | ||
|---|---|---|---|
| 005 | 20240304115744.0 | ||
| 008 | 131103s9999 xx 000 0 und d | ||
| 020 |
_a818925300X _cRs.125.00 |
||
| 040 | _aLoreto College | ||
| 041 | _aEnglish | ||
| 082 |
_a371.26 _bGAR |
||
| 100 | _aGarrett, Henry E. | ||
| 245 |
_aStatistics in Psychology and Education, _cHenry E. Garrett |
||
| 260 |
_aNew Delhi _bParagon International _c2009 |
||
| 300 |
_axii,491p _b graphs, tables |
||
| 504 | _aIncludes bibliographical references and index | ||
| 650 | _aStatistics in Education | ||
| 651 | _aStatistics in Psychology | ||
| 700 | _aWoodworth, R.S. | ||
| 850 | _aLCLIB | ||
| 942 | _cBK | ||
| 999 |
_c36318 _d86797 |
||